Biblioteka Instytutu Północnego w Olsztynie

Lexikon der Pädagogik. (Rekord nr 27540)

Szczegóły MARC
000 -Nagłówek
fixed length control field 01242cam a2200325 i 4500
001 - Nr kontrolny bibl., która utworzyła rek.
control field zz2007929574
003 - Siglum bibl., której nr kontr. jest w 001
control field NUKAT
005 - Data i czas ostatniej operacji
control field 20260411205044.0
008 - Elementy pola stałej długości
fixed length control field 070918s1915 gw d |000 0dger c
035 ## - Systemowy numer kontrolny
systemowy numer kontrolny (OCoLC)749436838
035 ## - Systemowy numer kontrolny
systemowy numer kontrolny (NUKAT)zz2007929574
040 ## - Instytucja sporządzająca opis
Instytucja, która sporządziła opis TOR U/PDJR
Instytucja, która sporządziła rekord TOR U/PDJR
Instytucja, która zmodyfikowała rekord TOR U/AP
-- KR 295/ADs
099 ## - Dowolny opis lokalny sygnatury
symbol klasyfikacji hh_587141
245 00 - Tytuł właściwy i oznaczenie odpow.
tytuł Lexikon der Pädagogik.
numer części/sekcji pracy Bd. 4,
tytuł części/sekcji pracy Prämien bis Suggestion /
dod. inf. ze s. tyt./ozn. odpow. im Verein mit Fachmännern und unter besonderer Mitwirkung von Otto Willmann ; hrsg. von Ernst M. Roloff.
246 3# - Inne formy tytułu, wariant tytułu
tytuł Prämien bis Suggestion
260 ## - Adres wydawniczy
miejsce wydania, dystrybucji itp. Freiburg im Breisgau :
nazwa wydawcy, dystrybutora itp. Herdersche Verlagshandlung,
data wydania, dystrybucji itp. 1915.
300 ## - Opis fizyczny
objętość i/lub forma materiału XII, s., 1348 szp. ;
format 26 cm.
336 ## - Content Type
Term Tekst
Code txt
Source rdacontent
337 ## - Media Type
Term Bez urządzenia pośredniczącego
Code n
Source rdamedia
338 ## - Carrier Type
Term Wolumin
Code nc
Source rdacarrier
380 ## - Form of work
Form of work Książki
650 #7 - Hasło przedmiotowe-nazwa pospolita
nazwa pospolita lub geogr. Pedagogika
źródło hasła DBN
9 (RLIN) 39342
650 #7 - Hasło przedmiotowe-nazwa pospolita
nazwa pospolita lub geogr. Edukacja
określnik formy encyklopedie.
źródło hasła kaba
9 (RLIN) 39889
650 #7 - Hasło przedmiotowe-nazwa pospolita
nazwa pospolita lub geogr. Pedagogika
określnik formy encyklopedie.
źródło hasła kaba
9 (RLIN) 39890
655 #7 - Termin określający rodzaj/formę
rodzaj/forma Encyklopedia
źródło terminu DBN
9 (RLIN) 34994
700 1# - Hasło dodatkowe - nazwa osobowa
nazwa osobowa Willmann, Otto
daty biograficzne (1839-1920).
rodzaj współpracy Oprac.
9 (RLIN) 39891
700 1# - Hasło dodatkowe - nazwa osobowa
nazwa osobowa Roloff, Ernst Max
daty biograficzne (1867-1935).
rodzaj współpracy Red.
9 (RLIN) 39892
710 2# - Hasło dodatkowe - nazwa ciała zbior.
nazwa ciała zbior. lub nazwa geogr. Herdersche Verlagsbuchhandlung.
kod rodzaju współpracy pbl
9 (RLIN) 36009
942 ## - ADDED ENTRY ELEMENTS (KOHA)
Source of classification or shelving scheme Dewey Decimal Classification
Koha item type pozycje dostępne na miejscu
Egzemplarze
Status wycofania Status zagubienia Klasyfikacja Status uszkodzenia Blokada wypożyczeń Kolekcja Lokalizacja macierzysta Lokalizacja bieżąca Data nabycia Numer akcesji Źródło akcesji Nr inwentarzowy il. wypożyczeń Sygnatura Kod kreskowy Date last seen Price effective from Typ egz.
    Dewey Decimal Classification nieuszkodzona   Pracownia Badań Księgozbiorów Historycznych Biblioteka Instytutu Północnego w Olsztynie Pracownia Badań Księgozbiorów Historycznych 11/04/2026 K-48/1963 kupno 15511/4   15511/4 IPWK23760 11/04/2026 11/04/2026 pozycje dostępne na miejscu
Biblioteka Instytutu Północnego, ul. Partyzantów 87, 10-402 Olsztyn, email: biblioteka(at)ip.olsztyn.pl